[Event "Marcio Eliseo de Freitas Cup"]
[Site "Rio de Janeiro"]
[Date "2015.12.16"]
[Round "3"]
[White "Braga, Ubirani de Souza"]
[Black "Vieira, Icaro Antonio Geral"]
[Result "1/2-1/2"]
[WhiteElo "2117"]
[BlackElo "2009"]
[PlyCount "74"]
[EventDate "2015.12.15"]
[EventType "swiss"]
[EventRounds "7"]
[EventCountry "BRA"]
[SourceTitle "EXT 2018"]
[Source "ChessBase"]
[SourceDate "2017.10.13"]
[SourceVersion "1"]
[SourceVersionDate "2017.10.13"]
[SourceQuality "1"]

1. e4 c5 2. Nf3 a6 3. d4 cxd4 4. Nxd4 Nf6 5. Nc3 e5 6. Nb3 Bb4 7. Bd3 d5 8. exd5 Nxd5 9. Bd2 Nxc3 10. Bxc3 Bxc3+ 11. bxc3 0-0 12. 0-0 Qc7 13. Re1 f5 14. Bf1 Nc6 15. Qd5+ Kh8 16. Rad1 g6 17. Bc4 f4 18. Qd6 Qg7 19. Bd5 Rf6 20. Qa3 Bf5 21. Rd2 Re8 22. Bxc6 Rxc6 23. Qb2 e4 24. Nd4 Rc7 25. a4 Rec8 26. h3 Rxc3 27. Red1 R3c5 28. Nxf5 Rxf5 29. Rd8+ Rf8 30. Qb6 Rcxd8 31. Rxd8 e3 32. fxe3 fxe3 33. Rxf8+ Qxf8 34. Qxe3 Kg8 35. Qb3+ Qf7 36. a5 Kg7 37. Qb2+ Kh6 1/2-1/2

[Event "Rio de Janeiro Euwe Memorial 2nd"]
[Site "Rio de Janeiro"]
[Date "2015.08.18"]
[Round "7"]
[White "Vieira, Icaro Antonio Geral"]
[Black "Fernandez, Diego"]
[Result "0-1"]
[WhiteElo "2009"]
[BlackElo "2133"]
[PlyCount "88"]
[EventDate "2015.08.15"]
[EventType "swiss"]
[EventRounds "7"]
[EventCountry "BRA"]
[SourceTitle "EXT 2016"]
[Source "ChessBase"]
[SourceDate "2015.10.08"]
[SourceVersion "1"]
[SourceVersionDate "2015.10.08"]
[SourceQuality "1"]

1. e4 c5 2. Nf3 Nc6 3. d4 cxd4 4. Nxd4 e5 5. Nxc6 dxc6 6. Qxd8+ Kxd8 7. Bc4 f6 8. 0-0 Bc5 9. Kh1 Ne7 10. a4 Ng6 11. a5 Kc7 12. c3 b5 13. axb6+ Bxb6 14. Bd2 a5 15. b3 Rd8 16. Ra2 Ra7 17. h3 Nf4 18. Bxf4 exf4 19. Nd2 g5 20. Nf3 h5 21. Rd2 Rxd2 22. Nxd2 a4 23. bxa4 Rxa4 24. Bb3 Ra3 25. h4 g4 26. g3 Be3 27. fxe3 fxe3 28. Rd1 exd2 29. Bf7 Rxc3 30. Rxd2 Rxg3 31. Bxh5 c5 32. Bf7 Bb7 33. Bd5 Bxd5 34. Rxd5 Kc6 35. Kh2 Rh3+ 36. Kg2 Rxh4 37. Kg3 Rh3+ 38. Kxg4 Re3 39. Kf4 Re1 40. Kf5 c4 41. Kxf6 Rxe4 42. Rd8 Re1 43. Rc8+ Kd5 44. Rd8+ Kc5 0-1

[Event "Rio de Janeiro Nezhmetdinov Memorial"]
[Site "Rio de Janeiro"]
[Date "2015.04.24"]
[Round "4"]
[White "Juer, Jayme Jacob E"]
[Black "Vieira, Icaro Antonio Geral"]
[Result "1/2-1/2"]
[WhiteElo "2122"]
[BlackElo "2024"]
[PlyCount "93"]
[EventDate "2015.04.23"]
[EventType "swiss"]
[EventRounds "7"]
[EventCountry "BRA"]
[SourceTitle "CBM 166 Extra"]
[Source "ChessBase"]
[SourceDate "2015.06.18"]
[SourceVersion "1"]
[SourceVersionDate "2015.06.18"]
[SourceQuality "1"]

1. f4 c5 2. Nc3 Nc6 3. e3 e6 4. Be2 Be7 5. Nf3 Nf6 6. 0-0 0-0 7. b3 b6 8. Bb2 Bb7 9. Ne5 Nxe5 10. fxe5 Ne8 11. Bf3 Bxf3 12. Qxf3 d5 13. a4 Nc7 14. Qg3 Na6 15. Nb5 Nb4 16. Rac1 Bh4 17. Qg4 Qg5 18. Qh3 Qh6 19. Nd6 Rad8 20. c4 Bg5 21. Qxh6 Bxh6 22. cxd5 exd5 23. Nf5 Nd3 24. Nxh6+ gxh6 25. Rb1 Nxb2 26. Rxb2 d4 27. b4 dxe3 28. dxe3 Rd5 29. bxc5 Rxc5 30. Rd1 Rxe5 31. Rd7 Rxe3 32. Rxa7 Rc8 33. h3 Re1+ 34. Kh2 Re6 35. Rb7 Rcc6 36. Rb4 Red6 37. Kg3 Kg7 38. Kh4 Kf8 39. Rb8+ Kg7 40. Rb7 Re6 41. Rg4+ Rg6 42. Re4 Rcf6 43. Rb4 Rxg2 44. R7xb6 Rxb6 45. Rxb6 Ra2 46. Ra6 f5 47. Kg3 1/2-1/2

[Event "Rio de Janeiro Nezhmetdinov Memorial"]
[Site "Rio de Janeiro"]
[Date "2015.04.24"]
[Round "3"]
[White "Pinero Cuello, Guilhermo"]
[Black "Vieira, Icaro Antonio Geral"]
[Result "1-0"]
[WhiteElo "2229"]
[BlackElo "2024"]
[PlyCount "87"]
[EventDate "2015.04.23"]
[EventType "swiss"]
[EventRounds "7"]
[EventCountry "BRA"]
[SourceTitle "CBM 166 Extra"]
[Source "ChessBase"]
[SourceDate "2015.06.18"]
[SourceVersion "1"]
[SourceVersionDate "2015.06.18"]
[SourceQuality "1"]

1. e4 e5 2. f4 d5 3. exd5 e4 4. d3 exd3 5. Qxd3 Nf6 6. Nc3 Na6 7. Be3 Nb4 8. Qd2 Nfxd5 9. 0-0-0 Be6 10. Bc4 Nxc3 11. Qxc3 Qf6 12. Qb3 Bxc4 13. Qxc4 Bd6 14. Nf3 0-0 15. Rxd6 Qxd6 16. Bc5 Qd5 17. Qxb4 Qxa2 18. Re1 Rfd8 19. c3 a5 20. Qb5 Qd5 21. c4 Qf5 22. Be3 Qxb5 23. cxb5 Rd5 24. b6 c6 25. Nd2 Rad8 26. Nc4 f6 27. Kc2 Kf7 28. Ra1 Re8 29. Bg1 Ra8 30. b4 a4 31. Bc5 Rd7 32. Nd6+ Kg6 33. Ra3 h5 34. f5+ Kh7 35. Kb2 Rad8 36. Rd3 g6 37. fxg6+ Kxg6 38. Ka3 Ra8 39. Rg3+ Kh6 40. Ne4 Rf7 41. Be3+ Kh7 42. Bf4 Rff8 43. Nc5 Rf7 44. Bc7 1-0

[Event "Rio de Janeiro Vaz Memorial 1st"]
[Site "Rio de Janeiro"]
[Date "2014.12.12"]
[Round "4"]
[White "Vieira, Icaro Antonio Geral"]
[Black "Braga, Ubirani de Souza"]
[Result "0-1"]
[WhiteElo "2049"]
[BlackElo "2234"]
[PlyCount "32"]
[EventDate "2014.12.11"]
[EventType "swiss"]
[EventRounds "7"]
[EventCountry "BRA"]
[SourceTitle "EXT 2018"]
[Source "ChessBase"]
[SourceDate "2017.10.13"]
[SourceVersion "1"]
[SourceVersionDate "2017.10.13"]
[SourceQuality "1"]

1. e4 e5 2. Nf3 Nc6 3. Bb5 a6 4. Bxc6 dxc6 5. 0-0 Bg4 6. h3 h5 7. d3 Qf6 8. Nbd2 Ne7 9. b3 Ng6 10. Bb2 Bb4 11. c3 Bc5 12. b4 Be7 13. Qc2 Nf4 14. Kh1 Bxh3 15. gxh3 Qe6 16. Ng1 Qg6 0-1

[Event "Rio de Janeiro Euwe Memorial 1st"]
[Site "Rio de Janeiro"]
[Date "2014.06.21"]
[Round "6"]
[White "Vaz, Daniel Rodrigues"]
[Black "Vieira, Icaro Antonio Geral"]
[Result "1-0"]
[WhiteElo "2024"]
[BlackElo "2064"]
[PlyCount "53"]
[EventDate "2014.06.19"]
[EventType "swiss"]
[EventRounds "7"]
[EventCountry "BRA"]
[SourceTitle "CBM 161 Extra"]
[Source "ChessBase"]
[SourceDate "2014.08.29"]
[SourceVersion "1"]
[SourceVersionDate "2014.08.29"]
[SourceQuality "1"]

1. d4 Nf6 2. c4 c5 3. d5 b5 4. cxb5 a6 5. bxa6 Bxa6 6. Nc3 d6 7. Nf3 g6 8. g3 Bg7 9. Bg2 0-0 10. 0-0 Nbd7 11. Qc2 Qc7 12. Rd1 Nb6 13. Ng5 Rfb8 14. h3 h6 15. Nf3 Nfd7 16. Rb1 Nc4 17. b3 Nce5 18. Nd2 Qa5 19. Bb2 c4 20. Ba1 cxb3 21. Nxb3 Qa3 22. Nd4 Rc8 23. Nc6 Nxc6 24. dxc6 Ne5 25. c7 Ra7 26. Nd5 Kf8 27. Bd4 1-0

[Event "Rio de Janeiro CC-ch"]
[Site "Rio de Janeiro"]
[Date "2013.11.16"]
[Round "4"]
[White "Vieira, Icaro Antonio Geral"]
[Black "Cunha, Eduardo Arruda da G"]
[Result "0-1"]
[WhiteElo "2169"]
[BlackElo "2169"]
[PlyCount "92"]
[EventDate "2013.11.14"]
[EventType "tourn"]
[EventRounds "11"]
[EventCountry "BRA"]
[SourceTitle "EXT 2018"]
[Source "ChessBase"]
[SourceDate "2017.10.13"]
[SourceVersion "1"]
[SourceVersionDate "2017.10.13"]
[SourceQuality "1"]

1. e4 c5 2. Nf3 d6 3. d4 cxd4 4. Nxd4 Nf6 5. Nc3 a6 6. Bg5 e6 7. f4 Be7 8. Qf3 Qc7 9. 0-0-0 Nbd7 10. g4 b5 11. Bxf6 Nxf6 12. g5 Nd7 13. f5 Nc5 14. f6 gxf6 15. gxf6 Bf8 16. Rg1 b4 17. Nd5 exd5 18. exd5 Nd7 19. Nc6 Bb7 20. Bh3 Ne5 21. Rge1 Rg8 22. Qf4 Bxc6 23. dxc6 Rg6 24. Kb1 Bh6 25. Qxb4 Rxf6 26. Bd7+ Kd8 27. Qh4 Ke7 28. Rf1 Bg7 29. Qg5 Bh8 30. Rf5 Rb8 31. Rdf1 h6 32. Qh4 Nxd7 33. cxd7 Qc3 34. b3 Rb4 35. Qe1+ Qxe1+ 36. Rxe1+ Kxd7 37. Rxf6 Bxf6 38. c4 Rb8 39. Kc2 Rg8 40. Re2 Rg1 41. b4 Be5 42. Rf2 f6 43. Kb3 Rh1 44. a4 Rxh2 45. Rf5 h5 46. b5 a5 0-1

[Event "Rio de Janeiro Baptista Caiafa Memorial"]
[Site "Rio de Janeiro"]
[Date "2009.05.01"]
[Round "1.4"]
[White "Vaz, Daniel Rodrigues"]
[Black "Vieira, Icaro Antonio Geral"]
[Result "1-0"]
[WhiteElo "2075"]
[BlackElo "2241"]
[PlyCount "115"]
[EventDate "2009.05.01"]
[EventType "tourn"]
[EventRounds "9"]
[EventCountry "BRA"]
[SourceTitle "EXT 2022"]
[Source "ChessBase"]
[SourceDate "2021.10.06"]
[SourceVersion "1"]
[SourceVersionDate "2021.10.06"]
[SourceQuality "1"]

1. Nf3 c5 2. g3 d5 3. Bg2 Nc6 4. 0-0 Nf6 5. d3 e5 6. e4 dxe4 7. dxe4 Qxd1 8. Rxd1 Nxe4 9. Nxe5 Nxe5 10. Bxe4 Bg4 11. Bxb7 Rb8 12. Re1 Rxb7 13. Rxe5+ Kd8 14. Nc3 f6 15. Re3 h5 16. Ne4 h4 17. f3 Bf5 18. g4 Bg6 19. b3 Be7 20. Ba3 Re8 21. Rae1 Bf8 22. Kg2 Rbe7 23. Bxc5 Rxe4 24. Rxe4 Rxe4 25. Rxe4 Bxc5 26. Rc4 Bb6 27. f4 Bf7 28. Rb4 Bc5 29. Ra4 Be8 30. Ra5 Bb6 31. Rd5+ Bd7 32. Kh3 Bf2 33. f5 Kc7 34. Rd2 Be1 35. Re2 Bc3 36. Kxh4 Be5 37. c4 Be8 38. a3 Bf7 39. g5 fxg5+ 40. Kxg5 Bf6+ 41. Kf4 Kc6 42. Rc2 a5 43. b4 axb4 44. axb4 Bh4 45. Rc1 Bf6 46. h3 Bg8 47. Kg4 Bf7 48. h4 Be5 49. h5 Bd4 50. Rd1 Bc3 51. b5+ Kc5 52. Rb1 Bxc4 53. b6 Be5 54. b7 Bb8 55. Re1 Kc6 56. f6 gxf6 57. Rc1 Kc5 58. h6 1-0